000
00333nam a2200133Ia 4500
008
220204s9999 xx 000 0 und d
082
_a
681.31INT
_b
CAD
100
_a
Cady, Glee Harrah
245
0
_a
Mastering the internet
250
_a
Ed.2
260
_a
New Delhi
_b
BPB Publications
_c
1996
700
_a
McGregor, Pat
942
_c
BK
999
_c
41220
_d
41220